Personnages Disney/Pixar en images - Q, U, X, Y & Z - Statistiques

Statistiques générales
  • Ce quiz a été pris 357 fois
    115 depuis la dernière actualisation
  • Le résultat moyen est 7 sur 20
Statistiques - réponses
Par images Réponse % Correct
Ursula
99%
Quasimodo
87%
Zazu
86%
Zeus
86%
Zig-Zag
75%
Yzma
68%
Zurg
44%
Zero
32%
Zaza
30%
Yao
16%
Xavier
13%
Yensid
10%
Yesss
10%
Yax
9%
Ugo
6%
Ulf
6%
XR
5%
Yelena
5%
Xandra
4%
Questa
3%
Aucun quiz correspondant
Distribution des résultats
% des personnes avec chaque résultat
Percentile par nombre de réponses
Votre historique - résultats
Vous n’avez pas pris ce quiz depuis la dernière actualisation